Marcel, Girard, Bakhtin : (Record no. 127129)
[ view plain ]
| 000 -LEADER | |
|---|---|
| fixed length control field | 01506cam a2200385 a 4500 |
| 001 - CONTROL NUMBER | |
| control field | 13949427 |
| 003 - CONTROL NUMBER IDENTIFIER | |
| control field | ARRUPE |
| 005 - DATE AND TIME OF LATEST TRANSACTION | |
| control field | 20240708142819.0 |
| 008 - FIXED-LENGTH DATA ELEMENTS--GENERAL INFORMATION | |
| fixed length control field | 050503s2004 sz b 000 0 eng d |
| 010 ## - LIBRARY OF CONGRESS CONTROL NUMBER | |
| LC control number | 2005275157 |
| 016 7# - NATIONAL BIBLIOGRAPHIC AGENCY CONTROL NUMBER | |
| Record control number | 971731551 |
| Source | GyFmDB |
| 020 ## - INTERNATIONAL STANDARD BOOK NUMBER | |
| International Standard Book Number | 3039103792 (Bern : pbk.) |
| 020 ## - INTERNATIONAL STANDARD BOOK NUMBER | |
| International Standard Book Number | 082047021X (New York : pbk.) |
| 035 ## - SYSTEM CONTROL NUMBER | |
| System control number | (OCoLC)ocm56333943 |
| 040 ## - CATALOGING SOURCE | |
| Original cataloging agency | OHX |
| Transcribing agency | OHX |
| Modifying agency | EMT |
| -- | OCLCQ |
| -- | DLC |
| 042 ## - AUTHENTICATION CODE | |
| Authentication code | lccopycat |
| 050 00 - LIBRARY OF CONGRESS CALL NUMBER | |
| Item number | B-116-1 |
| 082 00 - DEWEY DECIMAL CLASSIFICATION NUMBER | |
| Classification number | 194 |
| Edition number | 22 |
| 300 ## - PHYSICAL DESCRIPTION | |
| Dimensions | 21 cm. |
| 100 1# - MAIN ENTRY--PERSONAL NAME | |
| Personal name | Ojara, Pius. |
| 9 (RLIN) | 33418 |
| 245 10 - TITLE STATEMENT | |
| Title | Marcel, Girard, Bakhtin : |
| Remainder of title | the return of conversion / |
| Statement of responsibility, etc | Pius Ojara & Patrick Madigan. |
| 260 ## - PUBLICATION, DISTRIBUTION, ETC. (IMPRINT) | |
| Place of publication, distribution, etc | Bern ; |
| -- | New York : |
| Name of publisher, distributor, etc | Lang, |
| Date of publication, distribution, etc | c2004. |
| 300 ## - PHYSICAL DESCRIPTION | |
| Extent | 304 p. ; |
| 490 1# - SERIES STATEMENT | |
| Series statement | European university studies. Series XXIII, Theology, |
| International Standard Serial Number | 0721-3409 |
| Volume number/sequential designation | v. 788 = |
| Series statement | Europäische Hochschulschriften. Reihe XXIII, Theologie ; |
| Volume number/sequential designation | Bd. 788 |
| 504 ## - BIBLIOGRAPHY, ETC. NOTE | |
| Bibliography, etc | Includes bibliographical references (p. [301]-304). |
| 600 10 - SUBJECT ADDED ENTRY--PERSONAL NAME | |
| Personal name | Marcel, Gabriel, |
| Dates associated with a name | 1889-1973. |
| 9 (RLIN) | 4472 |
| 600 10 - SUBJECT ADDED ENTRY--PERSONAL NAME | |
| Personal name | Girard, René, |
| Dates associated with a name | 1923-2015. |
| 9 (RLIN) | 33419 |
| 600 10 - SUBJECT ADDED ENTRY--PERSONAL NAME | |
| Personal name | Bakhtin, M. M. |
| Fuller form of name | (Mikhail Mikhaĭlovich), |
| Dates associated with a name | 1895-1975. |
| 9 (RLIN) | 19388 |
| 650 #0 - SUBJECT ADDED ENTRY--TOPICAL TERM | |
| Topical term or geographic name as entry element | Philosophy, Modern |
| Chronological subdivision | 20th century. |
| 9 (RLIN) | 37228 |
| 650 #0 - SUBJECT ADDED ENTRY--TOPICAL TERM | |
| Topical term or geographic name as entry element | Conversion. |
| 9 (RLIN) | 1617 |
| 700 1# - ADDED ENTRY--PERSONAL NAME | |
| Personal name | Madigan, Patrick, |
| Dates associated with a name | 1945- |
| 9 (RLIN) | 33421 |
| 830 #0 - SERIES ADDED ENTRY--UNIFORM TITLE | |
| Uniform title | Europäische Hochschulschriften. |
| Number of part/section of a work | Reihe XXIII, |
| Name of part/section of a work | Theologie |
| Volume number/sequential designation | Bd. 788. |
| 9 (RLIN) | 37229 |
| 906 ## - LOCAL DATA ELEMENT F, LDF (RLIN) | |
| a | 7 |
| b | cbc |
| c | copycat |
| d | 3 |
| e | ncip |
| f | 20 |
| g | y-gencatlg |
| 942 ## - ADDED ENTRY ELEMENTS (KOHA) | |
| Source of classification or shelving scheme | Library of Congress Classification |
| Koha item type | Monograph ( Printed materials) |
| Withdrawn status | Lost status | Source of classification or shelving scheme | Damaged status | Not for loan | Collection code | Home library | Current library | Shelving location | Date acquired | Total Checkouts | Full call number | Barcode | Date last seen | Price effective from | Koha item type |
|---|---|---|---|---|---|---|---|---|---|---|---|---|---|---|---|
| Library of Congress Classification | Main Collection | ARRUPE COLLEGE BOOKSTORE | ARRUPE COLLEGE BOOKSTORE | Main Collection | 20/10/2017 | B-116-1 | 46500026529 | 20/10/2017 | 20/10/2017 | Monograph ( Printed materials) | |||||
| Library of Congress Classification | Main Collection | ARRUPE COLLEGE BOOKSTORE | ARRUPE COLLEGE BOOKSTORE | Main Collection | 20/10/2017 | B-116-2 | 46500026530 | 20/10/2017 | 20/10/2017 | Monograph ( Printed materials) | |||||
| Library of Congress Classification | Main Collection | ARRUPE COLLEGE BOOKSTORE | ARRUPE COLLEGE BOOKSTORE | Main Collection | 20/10/2017 | B-116-3 | 46500026531 | 20/10/2017 | 20/10/2017 | Monograph ( Printed materials) | |||||
| Library of Congress Classification | Main Collection | ARRUPE COLLEGE BOOKSTORE | ARRUPE COLLEGE BOOKSTORE | Main Collection | 20/10/2017 | B-116-5 | 46500026533 | 20/10/2017 | 20/10/2017 | Monograph ( Printed materials) | |||||
| Library of Congress Classification | Main Collection | ARRUPE COLLEGE BOOKSTORE | ARRUPE COLLEGE BOOKSTORE | Main Collection | 20/10/2017 | B-116-7 | 46500026535 | 20/10/2017 | 20/10/2017 | Monograph ( Printed materials) |